Sports Quiz

Random Sports or NHL Quiz

Former Winnipeg Jets Quiz Stats

 Plays Quiz not verified by Sporcle

Challenge
Share
Tweet
Embed
Score 0/5 Timer 02:00
0 Plays Today
Years with Jets Player % Correct
1995/96Shane Doan
90.3%
1992/93-1994/95Teemu Selanne
88%
1991/92–1995/96Keith Tkachuk
61.9%
1990/91–1992/93Kris Draper
53.7%
1994/95–1995/96Nikolai Khabibulin
49%

You're not logged in!

Compare scores with friends on all Sporcle quizzes.
Join for Free
OR
Log In

You Might Also Like...

Show Comments

Extras

Top Quizzes Today


Score Distribution

Your Account Isn't Verified!

In order to create a playlist on Sporcle, you need to verify the email address you used during registration. Go to your Sporcle Settings to finish the process.

Report this User

Report this user for behavior that violates our Community Guidelines.

Details: